Powiaty w województwie podlaskim - Statystyki

Ogólne statystyki
  • Ten quiz został rozwiązany 30 razy
    27 od ostatniego zresetowania
  • Średni wynik to 13 z 17
Statystyki odpowiedzi
Powiat % Poprawnych
Białystok
100%
białostocki
95%
augustowski
90%
hajnowski
85%
łomżyński
85%
sokólski
85%
suwalski
85%
bielski
80%
moniecki
80%
Suwałki
80%
grajewski
75%
Łomża
75%
wysokomazowiecki
75%
zambrowski
70%
siemiatycki
65%
kolneński
60%
sejneński
60%
Nie znaleziono quizów pasujących do podanych kryteriów
Rozkład punktacji
Procent ludzi z każdym wynikiem
Percentyl według liczby udzielonych odpowiedzi
Twoja historia wyników
Nie rozwiązałeś tego quizu od ostatniego zresetowania